00670 2200241 4500001002100000005001500021035002000036245009000056100001600146250000600162300003500168700001700203260004900220082001200269084001800281020002200299650002200321990001700343990001700360990001700377990001700394990001700411INLIS00000000000026520180922044611 a0010-09180001191 aPemberontakan Madiun :b( Mr. Amir Syarifuddin ) /cST. Miharja; Editor, Yan Goenarto0 aST. Miharja a- avi, 54 hlm. :bilus. ;c21 cm.0 aYan Goenarto aBandung :bPT Sarana Panca Karya Nusa,c2009 a959.803 a959.803 AMI p a978-979-678-309-0 aSejarah Indonesia a01094/P/2018 a01095/P/2018 a01096/P/2018 a01097/P/2018 a01205/P/2018